|
|
|
|
| LEADER |
01818nam a2200337 a 4500 |
| 001 |
532344 |
| 003 |
BD-DhAAL |
| 008 |
091104s1987 coua b 001 0 eng d |
| 999 |
|
|
|c 7675
|d 7675
|
| 010 |
|
|
|a \\\87010648
|
| 020 |
|
|
|a 0813373719 (pbk. : alk. paper) :
|c $35.00
|
| 040 |
|
|
|a DLC
|c DLC
|d DLC
|d BD-DhAAL
|
| 082 |
0 |
0 |
|a 338.17318095492
|2 19
|
| 100 |
1 |
|
|a Greeley, Martin.
|9 37514
|
| 245 |
1 |
0 |
|a Postharvest losses, technology, and employment :
|b the case of rice in Bangladesh /
|c Martin Greeley.
|
| 260 |
|
|
|a Boulder, Colo. :
|b Westview Press,
|c 1987.
|
| 300 |
|
|
|a xvii, 345 pages :
|b illustrations ;
|c 23 cm.
|
| 490 |
0 |
|
|a Westview special studies in social, political, and economic development
|
| 504 |
|
|
|a Includes bibliographical references (pages 310-328) and index.
|
| 526 |
|
|
|a ESS
|
| 541 |
1 |
|
|a Complimentary copy from Professor Dr. Nasreen Khundker.
|e 00011163, 36711
|
| 650 |
|
0 |
|a Rice trade
|z Bangladesh.
|9 37515
|
| 650 |
|
0 |
|a Rice
|x Processing
|z Bangladesh
|x Cost effectiveness.
|9 37516
|
| 650 |
|
0 |
|a Rice
|x Postharvest losses
|z Bangladesh.
|9 37517
|
| 650 |
|
0 |
|a Women rice workers
|z Bangladesh.
|9 37518
|
| 740 |
0 |
|
|a Post-harvest losses, technology, and employment.
|
| 852 |
4 |
|
|a Ayesha Abed Library
|j General shelf
|
| 942 |
|
|
|2 ddc
|c BK
|
| 952 |
|
|
|0 0
|1 0
|2 ddc
|4 0
|6 338_173180954920000_GRE_1987
|7 0
|9 8401
|a BRACUL
|b BRACUL
|c GEN
|d 2010-02-23
|l 0
|o 338.17318095492 GRE
|p 3010011163
|r 2010-02-23
|t 1
|w 2010-02-23
|y BK
|
| 952 |
|
|
|0 0
|1 0
|2 ddc
|4 0
|6 338_173180954920000_GRE_1987
|7 0
|9 9102
|a BRACUL
|b BRACUL
|c GEN
|d 2010-04-08
|g 0.00
|l 0
|o 338.17318095492 GRE
|p 3010004161
|r 2010-04-08
|t 2
|w 2010-04-08
|y BK
|z Not price in Register
|
| 952 |
|
|
|0 0
|1 0
|2 ddc
|4 0
|6 338_173180954920000_GRE
|7 0
|9 67255
|a BRACUL
|b BRACUL
|c GEN
|d 2019-11-21
|e Complimentary copy from Professor Dr. Nasreen Khundker.
|l 0
|o 338.17318095492 GRE
|p 3010036711
|r 2019-11-21
|t 3
|w 2019-11-21
|y BK
|